000 01184nam a2200301 i 4500
003 EG-GICUC
005 20260121101348.0
008 251126s1952 ua ||||fr|||| 000 0 ara d
040 _a EG-GICUC
_bara
_c EG-GICUC
_d EG-GICUC
_erda
041 _aara
082 0 4 _221
_a341.84
_bع ز . ت
092 0 4 _221
099 _alaw1 12 341.84 ع ز . ت 1952
100 0 _aعز الدين عبدالله
_eمؤلف.
245 1 2 _aالقانون الدولي الخاص المصري.
_nالجزء الثاني,
_pتنازع القوانين و تنازع الأختصاص القضائي الدوليين /
_cدكتور عز الدين عبدالله.
264 1 _aالقاهرة :
_bمكتبة النهضة المصرية,
_c1952.
300 _a485 صفحة ؛
_c24 سم
336 _2rda content
_atext
337 _2rda media
_aComputer
338 _2rda carrier
_aOnline Resource
504 _a. 240-220 ببليوجرافيا: صفحات.
546 _aالنص باللغة العربية
650 1 4 _aتنازع القوانين
_2qrmak
651 1 _2qrmak
856 4 0 _uhttps://fll.law.cu.edu.eg/fulltext/bks/B12-01103.pdf
905 _a5
_eHassnaa
942 _2ddc
_cBK
_e21
_n0
999 _c46271
_d46271